|
|
|
|
| LEADER |
00000nam a2200000 4500 |
| 001 |
vtls001299450 |
| 003 |
SK-MaSNL |
| 005 |
20260301235126.0 |
| 008 |
180810s1898 hu 1 00 slo |
| 015 |
|
|
|a SNBHFA
|
| 035 |
|
|
|a SNK000251423
|
| 040 |
|
|
|a SNK
|b slo
|c SNK
|e rda
|
| 041 |
0 |
|
|a slo
|
| 044 |
|
|
|a hu
|c HU
|
| 072 |
|
7 |
|a 005
|x Manažment. Riadenie
|2 konspekt
|
| 080 |
|
|
|a 005.745
|2 2011
|
| 130 |
0 |
|
|a Reč
|9 522260
|
| 245 |
1 |
|
|a Reč Ignáca Darányiho ministra orby, ktorú držal v snemovni zastupiteľov dňa 11. februára roku 1898
|
| 264 |
|
3 |
|a Budapešť
|b Franklin
|c 1898
|
| 300 |
|
|
|a 16 strán
|
| 336 |
|
|
|a text
|b txt
|2 rdacontent
|
| 337 |
|
|
|a bez média
|b n
|2 rdamedia
|
| 338 |
|
|
|a zväzok
|b nc
|2 rdacarrier
|
| 650 |
0 |
7 |
|a konferencie
|2 SNKPH
|9 19221
|
| 752 |
|
|
|a Maďarsko
|d Budapešť
|
| 852 |
|
|
|a snk
|p SB 302/10; SB 302/10 D1
|
| 958 |
|
|
|a ONDV
|
| 958 |
|
|
|a DF
|
| 999 |
|
|
|c 973544
|d 975474
|
| 952 |
|
|
|t P60, <04>, [BOOK], {604}
|a SNK
|b SNK
|y PREZ
|7 0
|p 17A0737540
|o snkSB 302/10
|0 0
|1 0
|4 0
|d 1997-08-18
|l 0
|r 2025-01-31 00:00:00
|w 2026-02-24
|
| 952 |
|
|
|a SNK
|b SNK
|y VYP
|7 0
|p 17A0090772
|o snkSB 302/10 D1
|0 0
|1 0
|4 0
|d 2011-11-02
|l 0
|r 2026-02-24 10:57:45
|w 2026-02-24
|